Statistics for Popular Essential Oils

Click here to take the quiz!

General Stats

  • This quiz has been taken 42 times
  • The average score is 7 of 14

Answer Stats

Answer% Correct
Lavender
96%
Lemon
85%
Mandarin
77%
Peppermint
73%
Tea Tree
69%
Eucalyptus
58%
Rosemary
42%
Spearmint
42%
Frankincense
35%
Lemongrass
27%
Chamomile
23%
Jasmine
23%
Ylang Ylang
23%
Grapefruit
19%

Score Distribution

Percentile by Number Answered

Percent of People with Each Score

Your Score History

You have not taken this quiz